Computer curriculum K-3.

Bibliographic Details
Corporate Author: Vernon Public Schools (Conn.)
Format: Microform Book
Language:English
Published: Vernon, Ct : Vernon Public Schools, 1984.
Series:Kraus Curriculum Development library ; MA K-114.
Subjects:

MARC

Tag First Indicator Second Indicator Subfields
LEADER 00000cam a2200000 a 4500
001 in00001281237
005 20151004063516.0
007 he amb024baca
008 920302s1984 ctu b l000 0 eng d
035 |a (OCoLC)25375442 
035 |9 AGX9300AM 
040 |a KRA  |c KRA  |d UtOrBLW 
049 |a TXAI 
090 |a LB1025.2  |b .K7x MA K-114 
099 |a Fiche  |a C  |a 3276  |a MA K-114. 
245 0 0 |a Computer curriculum K-3. 
264 1 |a Vernon, Ct :  |b Vernon Public Schools,  |c 1984. 
300 |a 78 pages 
336 |a text  |b txt  |2 rdacontent 
337 |a microform  |b h  |2 rdamedia 
338 |a microfiche  |b he  |2 rdacarrier 
533 |a Microfiche.  |b White Plains, N.Y. :  |c Kraus International Publications,  |d 1987.  |e 2 microfiches.  |f (Kraus Curriculum Development Library ; MA K-114). 
500 |a Microform. 
650 0 |a Computer literacy  |x Study and teaching (Elementary) 
710 2 |a Vernon Public Schools (Conn.) 
830 0 |a Kraus Curriculum Development library ;  |v MA K-114. 
999 |a MARS 
999 f f |s fa669c15-d846-36bc-9e10-e28b69cbd022  |i a851659f-edeb-3d1b-9cff-41201a1811dd  |t 0 
952 f f |p normal  |a Texas A&M University  |b College Station  |c Sterling C. Evans Library  |d Evans: Microforms Fiche (3rd floor)  |t 0  |e Fiche C 3276 MA K-114.  |h Other scheme  |i microform -- microfiche  |m A14821278136 
998 f f |a Fiche C 3276 MA K-114.  |t 0  |l Evans: Microforms Fiche (3rd floor)